Представление документа в формате RUSMARC

ПолеНазваниеЗначение
  Тип записи a
  Библиографический уровень m
001 Контрольный номер RU/ГПНТБ России/IBIS/84(7Сое)/П 52-500279472
005 Дата корректировки 20260611113837.3
010 Индекс ISBN __
a ISBN 978-5-04-187950-1
b Уточнения в пер.
9 Тираж 3000
100 Данные общей обработки __
a Данные общей обработки 20260611d2025 d y0rusy0250 ca
101 Язык документа 1_
a Язык текста rus
c Язык оригинала eng
102 Страна публикации __
a Страна публикации RU
105 Кодированные данные (монография) __
a Кодированные данные (монография) a tzz 000yy
181 Поле кодированных данных: вид содержания _0
a Код вида содержания (ISBD) b3
b Код характеристики содержания (ISBD) b2
181 Поле кодированных данных: вид содержания _0
a Код вида содержания (ISBD) i1
b Код характеристики содержания (ISBD) e
182 Поле кодированных данных: тип средства _0
a Код типа средства (ISBD) n
200 Заглавие и сведения об ответственности 1_
a Заглавие Чесночинка и Вампир
e Сведения, относящиеся к заглавию комикс
e Сведения, относящиеся к заглавию для среднего школьного возраста
f Первые сведения об ответственности Бри Полсен
g Последующие сведения об ответственности перевод с английского Ирины Ремизовой
g Последующие сведения об ответственности иллюстрации автора
203 Вид содержания и тип средства __
c Тип средства непосредственные
a Вид содержания Изображение
a Вид содержания Текст
b Характеристика содержания неподвижное ; двухмерное
b Характеристика содержания визуальный
210 Выходные данные 1_
a Место издания Москва
c Издательство Э
c Издательство Эксмо
d Дата издания 2025
215 Физическое описание __
a Объем 157, [2] с.
c Иллюстрации/тип воспроизводства цв. ил.
d Формат 25 см
225 Серия 2_
a Серия Приключения и тайны
i Наименование части Детские и подростковые комиксы
333 Примечание о целевом назначении __
a Примечание о целевом назначении информационная продукция для детей, достигших возраста двенадцати лет
333 Примечание о целевом назначении __
a Примечание о целевом назначении для детей среднего возраста, 9-14 лет
454 Оригинал _0
1 700 1
a Paulsen
g Bree
1 2001
a Garlic and the Vampire
f Bree Paulsen
517 Другие варианты заглавия 1_
a Другие варианты заглавия Детские и подростковые комиксы
610 Ключевые слова 1_
a Ключевые слова детская литература
610 Ключевые слова 1_
a Ключевые слова комикс
610 Ключевые слова 1_
a Ключевые слова комиксы для детей
610 Ключевые слова 1_
a Ключевые слова добрые истории
610 Ключевые слова 1_
a Ключевые слова история о дружбе
686 Индексы других классификаций __
2 Код системы rubbk
a Классификационный индекс 84(7Сое)
700 Автор _1
a Фамилия Полсен
b Имя Б.
g Полное личное имя Бри
4 Код отношения 070
4 Код отношения 440
702 Вторичная интеллектуальная ответственность _1
a Фамилия Ремизова
b Имя И. С.
g Полное личное имя Ирина Сергеевна
4 Код отношения 730
801 Источник записи _0
b Организация ГПНТБ России
a Страна RU
c Дата составления 20260611
801 Источник записи _1
b Организация ГПНТБ России
a Страна RU
c Дата составления 20260611
852 Данные о местонахождении 5_
a Наименование организации ГПНТБ России
m Суффикс шифра хранения 111106113
b Сигла хранения ЦГБ
j Шифр хранения 84(7Сое)
p Инвентарный номер RU
899 Данные о местонахождении __
a Местонахождение ГПНТБ России
p Штрих-код 111106113
b Место хранения ЦГБ
h Классификационная часть РШ 84(7Сое)
i Авторский знак П 52
901 Тип документа __
a Ответственный заим.